000
00301nam a22001337a 4500
008
170418b xxu||||| |||| 00| 0 eng d
020
_a
9780195139907
041
_a
eng
080
_a
579
100
_a
11
101
_a
SHM
245
_a
AGUIDE TO LIFE IN THE SOIL
_c
NARDI.J.B
942
_2
udc
_c
BK
999
_c
10967
_d
10967